Atardecer (Record no. 126593)
[ view plain ]
| 000 -LEADER | |
|---|---|
| campo de control de longitud fija | 00527nam a2200169 4500 |
| 001 - NÚMERO DE CONTROL | |
| campo de control | 126593 |
| 003 - IDENTIFICADOR DE NÚMERO DE CONTROL | |
| campo de control | ES-MaACL |
| 005 - FECHA Y HORA DE LA ÚLTIMA TRANSACCIÓN | |
| campo de control | 20230906192839.0 |
| 007 - CAMPO FIJO DE DESCRIPCIÓN FÍSICA--INFORMACIÓN GENERAL | |
| campo de control de longitud fija | t| |
| 008 - DATOS DE LONGITUD FIJA--INFORMACIÓN GENERAL | |
| campo de control de longitud fija | 070214s1952 sp r ||||1| spa d |
| 100 1# - ENTRADA PRINCIPAL--NOMBRE DE PERSONA | |
| Nombre de persona | Requena, Fermín. |
| 9 (RLIN) | 96291 |
| 245 10 - MENCIÓN DEL TÍTULO | |
| Título | Atardecer |
| Resto del título | : (poesías) / |
| Mención de responsabilidad, etc. | Fermín Requena ; prólogo de Salvador González Anaya. |
| 260 ## - PUBLICACIÓN, DISTRIBUCIÓN, ETC. | |
| Lugar de publicación, distribución, etc. | Antequera : |
| Nombre del editor, distribuidor, etc. | [s. n.], |
| Fecha de publicación, distribución, etc. | Gráf. Unidas ( |
| Fabricante | 1952) |
| 300 ## - DESCRIPCIÓN FÍSICA | |
| Extensión | 112 p. ; |
| Dimensiones | 19 cm. |
| 700 1# - ENTRADA AGREGADA--NOMBRE PERSONAL | |
| Nombre de persona | González Anaya, Salvador. |
| 9 (RLIN) | 58424 |
| 852 ## - LOCALIZACIÓN | |
| Ubicación | ES-MaACL |
| Número de control de estantería | D-7420 |
| Sublocalización o colección | R.32437 |
| Estatus retirado | Estado de pérdida | Estado de daño | No para préstamo | Biblioteca de origen | Biblioteca actual | Ubicación en estantería | Fecha de adquisición | Fuente de adquisición | Total de préstamos | Signatura topográfica completa | Código de barras | Visto por última vez | Precio de reemplazo | Tipo de ítem Koha |
|---|---|---|---|---|---|---|---|---|---|---|---|---|---|---|
| Biblioteca del Ateneo de Madrid | Biblioteca del Ateneo de Madrid | Sala Valle Inclán | 17/01/2008 | D-7420 | 901131857 | 23/02/2023 | 23/02/2023 | Libro impreso |
